[Event "CAN-ch U16"]
[Site "Ottawa"]
[Date "2007.07.06"]
[Round "7"]
[White "Wee, Michael"]
[Black "Levesque, Mason"]
[Result "1-0"]
[WhiteElo "1613"]
[BlackElo "1388"]
[PlyCount "163"]
[EventDate "2007.07.03"]
[EventType "swiss"]
[EventRounds "7"]
[EventCountry "CAN"]
[SourceTitle "EXT 2022"]
[Source "ChessBase"]
[SourceDate "2021.10.06"]
[SourceVersion "1"]
[SourceVersionDate "2021.10.06"]
[SourceQuality "1"]

1. Nf3 Nc6 2. g3 e5 3. d3 d5 4. Bg2 Nf6 5. 0-0 Bf5 6. Nbd2 Bc5 7. b3 e4 8. Nh4 Ng4 9. h3 Bxf2+ 10. Rxf2 Nxf2 11. Kxf2 Qf6 12. Rb1 Bxh3+ 13. Kg1 Bxg2 14. Kxg2 Ne5 15. Bb2 Qg5 16. dxe4 Ng4 17. Nf1 0-0-0 18. Bc1 Qf6 19. Qe1 dxe4 20. Kh1 Qc6 21. c4 e3+ 22. Kg1 g5 23. Ng2 f5 24. Nfxe3 Qe4 25. Rb2 Qd4 26. Kh1 Nxe3 27. Nxe3 f4 28. Nd5 Qe4+ 29. Kg1 c6 30. Nc3 Qd4+ 31. Kh2 fxg3+ 32. Qxg3 Rhf8 33. Rd2 Rf2+ 34. Kh3 Qh4+ 35. Qxh4 gxh4 36. Rxd8+ Kxd8 37. Kxh4 Rg2 38. Bg5+ Kd7 39. Bf4 b5 40. cxb5 cxb5 41. b4 a6 42. a3 Ke6 43. e4 Rc2 44. Nd5 Ra2 45. Nc7+ Kd7 46. Nxa6 Rxa3 47. Nc7 Kc6 48. Nxb5 Kxb5 49. Bd6 Kc4 50. e5 Kd5 51. Kh5 Ke6 52. Kg5 Rf3 53. Bc7 h6+ 54. Kxh6 Rg3 55. b5 Kf5 56. b6 Rb3 57. Kg7 Ke6 58. Kf8 Kd7 59. Kf7 Rf3+ 60. Kg6 Ke6 61. b7 Rg3+ 62. Kh6 Kf7 63. b8Q Rf3 64. Bd6 Rh3+ 65. Kg5 Rg3+ 66. Kf4 Rg8 67. Qxg8+ Kxg8 68. Kf5 Kf7 69. Bc5 Ke8 70. Ke6 Kd8 71. Kf7 Kc7 72. e6 Kc6 73. Bg1 Kd5 74. e7 Kc4 75. e8Q Kd5 76. Qe3 Kc4 77. Qd4+ Kb3 78. Be3 Kc2 79. Qc4+ Kb2 80. Bd4+ Kb1 81. Qc3 Ka2 82. Qb2# 1-0